| 000 | 01668cam a2200337 i 4500 | ||
|---|---|---|---|
| 001 | 17925447 | ||
| 003 | EG-ScBUE | ||
| 005 | 20230515125609.0 | ||
| 008 | 131101s2014 enka f b 001 0 eng d | ||
| 020 | _a9780415824958 (alk. paper) | ||
| 040 |
_aDLC _beng _erda _cDLC _dDLC _dEG-ScBUE |
||
| 082 | 0 | 4 |
_a725.54 _222 _bBOY |
| 100 | 1 |
_aBoys, Jos, _eauthor. |
|
| 245 | 1 | 0 |
_aDoing disability differently : _ban alternative handbook on architecture, dis/ability and designing for everyday life / _cJos Boys. |
| 264 | 1 |
_aLondon ; _aNew York : _bRoutledge, _c2014. |
|
| 300 |
_axiv, 220 pages : _billustrations ; _c24 cm |
||
| 336 |
_atext _2rdacontent _btxt |
||
| 337 |
_aunmediated _2rdamedia _bn |
||
| 338 |
_avolume _2rdacarrier _bnc |
||
| 504 | _aIncludes bibliographical references and index. | ||
| 505 | 0 | _aIntroduction: why do disability differently? -- Starting from disability. Challenging commonsense -- Beyond accessibility -- Unraveling dis/ordinary occupancy -- Re-connecting architecture with dis/ability. Destablizing architecture? -- On feeling and beauty -- Bodies, buildings, devices and augmentation -- Doing architecture and dis/ability differently. Alternative mappings -- Strategies and tactics -- Re-thinking the normal. | |
| 650 | 7 |
_aBarrier-free design. _2BUEsh |
|
| 650 | 7 |
_aArchitecture _xHuman factors. _2BUEsh |
|
| 650 | 7 |
_aPeople with disabilities in art. _2BUEsh |
|
| 650 | 7 |
_aArchitecture and society. _2BUEsh |
|
| 653 |
_bART _cMay2023 |
||
| 655 | _vReading book | ||
| 906 |
_a7 _bcbc _corignew _d1 _eecip _f20 _gy-gencatlg |
||
| 942 |
_2ddc _cBB |
||
| 999 |
_c30393 _d30364 |
||